[Event "COL-ch U20"]
[Site "Bogota"]
[Date "2009.04.03"]
[Round "1.6"]
[White "Pardo, Javier Andres"]
[Black "Sanchez Maya, Simon"]
[Result "1-0"]
[WhiteElo "1975"]
[BlackElo "2164"]
[PlyCount "113"]
[EventDate "2009.04.03"]
[EventType "swiss"]
[EventRounds "7"]
[EventCountry "COL"]
[SourceTitle "EXT 2024"]
[Source "ChessBase"]
[SourceDate "2023.10.10"]
[SourceVersion "1"]
[SourceVersionDate "2023.10.10"]
[SourceQuality "1"]

1. e4 c5 2. Nf3 d6 3. d4 cxd4 4. Nxd4 Nf6 5. Nc3 a6 6. f3 e6 7. Be3 Be7 8. Qd2 Nc6 9. 0-0-0 0-0 10. g4 Nxd4 11. Bxd4 b5 12. h4 Qc7 13. h5 Nd7 14. g5 b4 15. Ne2 Qa5 16. Kb1 Bxg5 17. f4 Bh6 18. Be3 Bb7 19. Bg2 Nc5 20. Ng3 Na4 21. Ne2 Rfd8 22. a3 Nxb2 23. Kxb2 Qxa3+ 24. Kb1 Rab8 25. Ba7 b3 26. c3 Ra8 27. Bb6 Rdc8 28. Qb2 Qa4 29. Rd4 Qb5 30. Rxd6 a5 31. Rhd1 a4 32. Nd4 Qc4 33. Rd7 Rcb8 34. Bc7 Rc8 35. Bb6 Qa6 36. Bc7 f6 37. Ka1 Rxc7 38. Rxc7 Rd8 39. Bh3 Bxf4 40. Re7 e5 41. Rg1 Bxe4 42. Rgxg7+ Kh8 43. Rg1 Qd3 44. Ne2 Qd1+ 45. Rxd1 Rxd1+ 46. Nc1 Bxc1 47. Qe2 Bd2+ 48. Kb2 Bc1+ 49. Ka1 b2+ 50. Qxb2 Bxb2+ 51. Kxb2 Rb1+ 52. Ka2 Rh1 53. Bg4 Rh4 54. Bd1 Bd5+ 55. Ka3 Rh3 56. Rc7 e4 57. Rc4 1-0

[Event "Bogota Mila Memorial op"]
[Site "Bogota"]
[Date "2009.04.??"]
[Round "6"]
[White "Sanchez Maya, Simon"]
[Black "Carvajal, Nolberto"]
[Result "0-1"]
[WhiteElo "2203"]
[BlackElo "2307"]
[PlyCount "66"]
[EventDate "2009.04.??"]
[EventType "swiss"]
[EventRounds "9"]
[EventCountry "COL"]
[SourceTitle "EXT 2014"]
[Source "ChessBase"]
[SourceDate "2013.11.20"]
[SourceVersion "1"]
[SourceVersionDate "2013.11.20"]
[SourceQuality "1"]

1. e4 d6 2. d4 Nf6 3. Nc3 g6 4. g3 Bg7 5. h3 0-0 6. Be3 c5 7. Nge2 cxd4 8. Nxd4 Nc6 9. Qd2 Bd7 10. Bg2 Rc8 11. 0-0 Nxd4 12. Bxd4 Rc4 13. Bxa7 Qa5 14. Be3 Rfc8 15. Rfc1 b5 16. a3 Bc6 17. Bf1 Rxc3 18. Qxc3 Qxc3 19. bxc3 Nxe4 20. Bd4 e5 21. Bb6 d5 22. Ba5 Bh6 23. Rd1 Bd2 24. a4 bxa4 25. Ra3 d4 26. Bg2 dxc3 27. Rb1 f5 28. Rb4 Be1 29. Rc4 Bxf2+ 30. Kh1 Bc5 31. Ra1 Bb5 32. Rcxa4 Bxa4 33. Rxa4 Ra8 0-1

[Event "Bogota Mila Memorial op"]
[Site "Bogota"]
[Date "2009.04.??"]
[Round "5"]
[White "Valderrama Espinosa, Gilberto"]
[Black "Sanchez Maya, Simon"]
[Result "1/2-1/2"]
[WhiteElo "2252"]
[BlackElo "2203"]
[PlyCount "80"]
[EventDate "2009.04.??"]
[EventType "swiss"]
[EventRounds "9"]
[EventCountry "COL"]
[SourceTitle "EXT 2014"]
[Source "ChessBase"]
[SourceDate "2013.11.20"]
[SourceVersion "1"]
[SourceVersionDate "2013.11.20"]
[SourceQuality "1"]

1. e3 e5 2. c4 d5 3. cxd5 c6 4. dxc6 Nxc6 5. Nc3 Nf6 6. Nf3 Bc5 7. d3 Qe7 8. a3 0-0 9. Be2 Rd8 10. e4 Be6 11. 0-0 Rac8 12. h3 Na5 13. Be3 Bxe3 14. fxe3 Nb3 15. Rb1 Qc5 16. Kf2 h6 17. Nd2 Qb6 18. Nxb3 Bxb3 19. Qd2 Rd6 20. Kg1 Bc4 21. Na4 Qb3 22. Nc3 Rcd8 23. Rfd1 a5 24. Nd5 Nxd5 25. exd5 Rxd5 26. e4 Rd4 27. Qxa5 Bxd3 28. Bxd3 Rxd3 29. Qxd8+ Rxd8 30. Rxd8+ Kh7 31. Kh1 Qc2 32. Rdd1 Qxe4 33. b4 f5 34. a4 f4 35. b5 f3 36. a5 fxg2+ 37. Kg1 Qf3 38. a6 e4 39. Kh2 Qf4+ 40. Kxg2 Qf3+ 1/2-1/2